Post-post, pre-post či kom-post? (o novej knihe poézie Michala Habaja)

Bibliographic Details
Main Author: Hostová, Ivana, 1983- (Author)
Format: Article
Language:Slovak
ISBN:9788055511061
Subjects:

MARC

LEADER 00000nab a2200000 a 4500
001 vtls010641183
003 SK-MaSNL
005 20260303220338.0
008 141205c2014 xo r 000 00slo
015 |a SNBRA2014/12SVKPO 
038 |a SVKPO 
040 |a SVKPOCL  |b slo  |c SVKPOCL  |e AACR2 
041 0 |a slo  |b eng 
044 |a xo  |c SK 
080 |a 82.0  |2 2001 
080 |a 801.73  |2 2001 
080 |a 82.09:929:821.162.4-1  |2 2001 
080 |a 821.162.4-1  |2 2001 
080 |a 821.162.4-1-051  |2 2001 
080 |a 821.162.4-1.09  |2 2001 
080 |a 821.162.4-1.033  |2 2001 
080 |a 82.033  |2 2001 
080 |a 82.07  |2 2001 
080 |a (048.8)  |2 2001 
100 1 |a Hostová, Ivana,  |d 1983-  |4 aut  |9 125897 
245 1 0 |a Post-post, pre-post či kom-post?  |b (o novej knihe poézie Michala Habaja)  |c Ivana Hostová 
504 |a Bibliogr. odkazy 
546 |a Res. angl. 
600 1 7 |a Habaj, Michal,  |d 1974-  |t Michal Habaj  |2 svkpocl  |9 1253356 
650 0 7 |a slovenská poézia  |2 svkpocl  |9 215422 
655 7 |a štúdie  |2 svkpocl  |9 57033 
773 0 |t K poetologickým a axiologickým aspektom slovenskej literatúry po roku 2000 II : zborník materiálov z medzinárodnej vedeckej konferencie, konanej 13. - 14. novembra 2013 na FF PU v Prešove / Marta Součková (ed.)  |d Prešov : Filozofická fakulta Prešovskej univerzity v Prešove, 2014  |g S. 156-165  |z 9788055511061 
852 |a SVKPO  |b KIS3GCP 
958 |a SK 
958 |a NB 
958 |a LX 
999 |c 2226713  |d 2228643